banner-ar

قرية بنى نعيم: دراسة ميدانية / (Record no. 35959)

MARC details
000 -الفاتح
حقل البيانات ثابتة الطول 00795nam a2200253Ia 4500
008 - عناصر البيانات ثابتة الطول - معلومات عامة
حقل البيانات ثابتة الطول 140319s9999 xx 000 0 ara d
040 ## - مصدر الفهرسة
وكالة الفهرسة الأصلية GCL /
وكالة النسخ GCL
082 04 - رقم تصنيف ديوى العشرى
رقم التصنيف 915.691
رقم المادة ت ق
100 1# - المدخل الرئيسى - إسم شخصى
الإسم الشخصى تيسير سورى
245 10 - بيان العنوان
العنوان قرية بنى نعيم: دراسة ميدانية /
بيان المسئوليه,etc تيسير سورى
700 1# - المدخل الاضافى - اسم شخصى
الإسم الشخصى سليمان المناصرة(اعداد)
260 ## - PUBLICATION, DISTRIBUTION, ETC. (IMPRINT)
تاريخ النشر أو التوزيع 1987
300 ## - الوصف المادى
التعداد 238 ص
490 ## - بيان السلسلة
عنوان السلسلة سلسلة دراسات
رقم المجلد/ التعيين التسلسلي 0
650 04 - المدخل الاضافى بالموضوع-مصطلح موضوعى
مصطلح موضوعي تاريخ
650 04 - المدخل الاضافى بالموضوع-مصطلح موضوعى
مصطلح موضوعي فلسطين
650 04 - المدخل الاضافى بالموضوع-مصطلح موضوعى
مصطلح موضوعي الجغرافيا الطبيعية
650 04 - المدخل الاضافى بالموضوع-مصطلح موضوعى
مصطلح موضوعي المدن
650 04 - المدخل الاضافى بالموضوع-مصطلح موضوعى
مصطلح موضوعي القرى
650 04 - المدخل الاضافى بالموضوع-مصطلح موضوعى
مصطلح موضوعي قرية بنى نعيم
650 04 - المدخل الاضافى بالموضوع-مصطلح موضوعى
مصطلح موضوعي الخليل
942 ## - عناصر المدخل الإضافي( كوها)
مصدر التصنيف او مخطط الترفيف Dewey Decimal Classification
Koha [default] item type كتاب
260 ## - PUBLICATION, DISTRIBUTION, ETC. (IMPRINT)
-- [S.N] :
-- رابطة الجامعيين- الخليل مركز الابحاث ،
Holdings
حالة التراجع حالة الفقد حالة تلف ليس للاعارة المكان المؤقت الموقع الحالى تاريخ الاكتساب اجمالي اﻻعارات رقم الطلب الباركود تاريخ اخر مشاهدة تاريخ تفعيل السعر نوع وعاء كوها
        مكتبة القاهرة الكبرى مكتبة القاهرة الكبرى 03/26/2014   915.691\ت ق 87560 03/26/2014 03/26/2014 كتاب

Powered By

EGPV